Исследование количественных характеристик поглощения в полосе N2 молекулы 34SO2; Известия вузов. Физика; Т. 61, № 4 (724)

Bibliografiset tiedot
Parent link:Известия вузов. Физика: научный журнал/ Национальный исследовательский Томский государственный университет (ТГУ).— , 1957-
Т. 61, № 4 (724).— 2018.— [С. 172-176]
Päätekijä: Зятькова А. Г. Анастасия Георгиевна
Yhteisötekijät: Национальный исследовательский Томский политехнический университет Исследовательская школа физики высокоэнергетических процессов, Национальный исследовательский Томский политехнический университет Школа базовой инженерной подготовки Отделение естественных наук
Muut tekijät: Моржикова Ю. Б. Юлия Борисовна
Yhteenveto:Заглавие с экрана
Инфракрасный спектр высокого разрешения молекулы 34SO2 был зарегистрирован с помощью фурье-спектрометра Bruker IFS-120 HR. Более чем 3000 переходов было проинтерпретировано в результате анализа (с J max = 60, Kamax = 19). В качестве теоретической модели использовался гамильтониан Уотсона. Выполнен анализ 700 экспериментальных колебательно-вращательных интенсивностей индивидуальных линий полосы n2.
Режим доступа: по договору с организацией-держателем ресурса
Kieli:venäjä
Julkaistu: 2018
Aiheet:
Linkit:https://elibrary.ru/item.asp?id=32836601
Aineistotyyppi: Elektroninen Kirjan osa
KOHA link:https://koha.lib.tpu.ru/cgi-bin/koha/opac-detail.pl?biblionumber=658970

MARC

LEADER 00000naa0a2200000 4500
001 658970
005 20250228172927.0
035 |a (RuTPU)RU\TPU\network\27247 
090 |a 658970 
100 |a 20181219d2018 k||y0rusy50 ca 
101 0 |a rus 
102 |a RU 
135 |a arcn ---uucaa 
181 0 |a i  
182 0 |a b 
200 1 |a Исследование количественных характеристик поглощения в полосе N2 молекулы 34SO2  |d Study of the Quantitative Absorption Characteristics in the u2 Band of the 34SO2 Molecule  |f А. Г. Зятькова, Ю. Б. Моржикова 
203 |a Текст  |c электронный 
300 |a Заглавие с экрана 
320 |a [Библиогр.: 28 назв.] 
330 |a Инфракрасный спектр высокого разрешения молекулы 34SO2 был зарегистрирован с помощью фурье-спектрометра Bruker IFS-120 HR. Более чем 3000 переходов было проинтерпретировано в результате анализа (с J max = 60, Kamax = 19). В качестве теоретической модели использовался гамильтониан Уотсона. Выполнен анализ 700 экспериментальных колебательно-вращательных интенсивностей индивидуальных линий полосы n2. 
333 |a Режим доступа: по договору с организацией-держателем ресурса 
461 1 |t Известия вузов. Физика  |o научный журнал  |f Национальный исследовательский Томский государственный университет (ТГУ)  |d 1957- 
463 1 |t Т. 61, № 4 (724)  |v [С. 172-176]  |d 2018 
510 1 |a Study of the Quantitative Absorption Characteristics in the υ2 Band of the 34SO2 Molecule  |z eng 
610 1 |a труды учёных ТПУ 
610 1 |a электронный ресурс 
610 1 |a изотопологи 
610 1 |a диоксид серы 
610 1 |a фурье-спектрометрия 
610 1 |a дипольные моменты 
610 1 |a интенсивность 
700 1 |a Зятькова  |b А. Г.  |c физик  |c инженер Томского политехнического университета  |f 1991-  |g Анастасия Георгиевна  |3 (RuTPU)RU\TPU\pers\37481 
701 1 |a Моржикова  |b Ю. Б.  |c физик  |c доцент Томского политехнического университета, кандидат физико-математических наук  |c девичья фамилия Юхник  |f 1979-  |g Юлия Борисовна  |3 (RuTPU)RU\TPU\pers\30233  |9 14613 
712 0 2 |a Национальный исследовательский Томский политехнический университет  |b Исследовательская школа физики высокоэнергетических процессов  |c (2017- )  |3 (RuTPU)RU\TPU\col\23551 
712 0 2 |a Национальный исследовательский Томский политехнический университет  |b Школа базовой инженерной подготовки  |b Отделение естественных наук  |3 (RuTPU)RU\TPU\col\23562 
801 2 |a RU  |b 63413507  |c 20181219  |g RCR 
856 4 0 |u https://elibrary.ru/item.asp?id=32836601 
942 |c CF